| 000 | 00564nam a2200229 a 4500 | ||
|---|---|---|---|
| 999 |
_c4459 _d4459 |
||
| 001 | 4459 | ||
| 003 | BD-JhCC | ||
| 005 | 20171127185629.0 | ||
| 008 | 171127s19371965e p|||| || | 000 0 eng d | ||
| 035 | _a(BD-JhCC)4459 | ||
| 040 |
_aBD-JhCC _dBD-JhCC |
||
| 041 | _aeng | ||
| 082 |
_a428.6 _bREA 1965 |
||
| 100 | _aReade, Charles | ||
| 245 |
_aA Good Fight / _c Charles Reade, |
||
| 260 |
_aLondon : _boxford University Press, _c1965. |
||
| 300 |
_a84 p. : _bill. ; _c18 cm. |
||
| 490 | _aFirst Series | ||
| 650 | _aReaders | ||
| 942 |
_2ddc _cBK |
||